logo

Bir Sreshtho Munshi Abdur Rouf Library
Jhenaidah Cadet College

Education for social competence : (Record no. 7063)

MARC details
000 -LEADER
fixed length control field 00883nam a22002657a 4500
001 - CONTROL NUMBER
JCCL Control Number 7063
003 - CONTROL NUMBER IDENTIFIER
JCCL marc code BD-JhCC
005 - DATE AND TIME OF LATEST TRANSACTION
control field 20180419190526.0
008 - FIXED-LENGTH DATA ELEMENTS--GENERAL INFORMATION
fixed length control field 711021s1948 ilu b 000 0 eng
035 ## - SYSTEM CONTROL NUMBER
system control number (BD-JhCC)7063
035 ## - SYSTEM CONTROL NUMBER
system control number (OCoLC)166023
040 ## - CATALOGING SOURCE
Original cataloging agency DLC
Transcribing agency ODaWU
Modifying agency OCoLC
-- DLC
-- BD-JhCC
041 ## - LANGUAGE CODE
Language code of Book eng
050 00 - LIBRARY OF CONGRESS CALL NUMBER
Classification number H62
Item number .Q54
082 ## - DEWEY DECIMAL CLASSIFICATION NUMBER
Classification number 307.12
Author mark and Year QUI 1948
100 1# - MAIN ENTRY--PERSONAL NAME
Personal name Quillen, Isaac James,
Dates associated with a name 1909-
245 10 - TITLE STATEMENT
Title Education for social competence :
Remainder of title curriculum and instruction in secondary-school studies /
Statement of responsibility, etc I. James Quillen and Lavone A. Hanna.
260 ## - PUBLICATION, DISTRIBUTION, ETC. (IMPRINT)
Place of publication, distribution, etc Chicago :
Name of publisher, distributor, etc Scott, Foresman,
Date of publication, distribution, etc 1948.
300 ## - PHYSICAL DESCRIPTION
Pagination viii, 572 p.
Dimensions 24 cm.
490 1# - SERIES STATEMENT
Series statement A Report of the Stanford Social Education Investigation
504 ## - BIBLIOGRAPHY, ETC. NOTE
Bibliography, etc Bibliography: p. 480-508.
650 #0 - SUBJECT ADDED ENTRY--TOPICAL TERM
Topical term or geographic name as entry element Social sciences
General subdivision Study and teaching.
700 1# - ADDED ENTRY--PERSONAL NAME
Personal name Hanna, Lavone Agnes,
942 ## - ADDED ENTRY ELEMENTS (KOHA)
Source of classification or shelving scheme Dewey Decimal Classification
Koha item type Books
Holdings
Source of classification or shelving scheme Damaged status Not for loan Home library Current library Shelving location Date of accession Total Checkouts Full call number Barcode Date last seen Copy number Koha item type
Dewey Decimal Classification     JCC Rouf Library JCC Rouf Library General Stacks 02/04/2018   307.12 QUI 1948 1026 02/04/2018 C-1 Books

JCC Library | Contacts | JCC Home

Last Update on 23 September 2017
Copyright @ 2017-2020 JCC Rouf Library
Rouf Library, Jhenidah Cadet College (JCC), Bangladesh